[Event "4. Wittelsbacher Weihnachts-Schach-Open"]
[Site "Kelheim"]
[Date "2015.12.27"]
[Round "1.49"]
[White "Lukas, Anne"]
[Black "Burgard, Manfred"]
[Result "1-0"]
[WhiteElo "1810"]
[BlackElo "1565"]
[PlyCount "129"]
[EventDate "2015.??.??"]
[WhiteTeam "SK Gernsheim"]
[BlackTeam "SF Roding"]

1. d4 Nf6 2. c4 e6 3. Nf3 d5 4. Nc3 Bb4 5. Bg5 h6 6. Bxf6 Qxf6 7. Qc2 O-O 8. e3
c5 9. Be2 cxd4 10. Nxd4 Nc6 11. Nxc6 bxc6 12. Rc1 e5 13. O-O Bxc3 14. Qxc3 d4
15. exd4 exd4 16. Qf3 Qe6 17. b3 Bd7 18. c5 Rfe8 19. Ba6 Rab8 20. Bc4 Qf5 21.
Qxf5 Bxf5 22. Rfd1 Rbd8 23. Re1 d3 24. Rxe8+ Rxe8 25. Kf1 Re2 26. Rd1 Rxa2 27.
Bxd3 Bxd3+ 28. Rxd3 Kf8 29. Rd6 Rb2 30. Rxc6 Rxb3 31. Ra6 Rc3 32. c6 Ke8 33.
Ke2 g5 34. Kd2 Rc5 35. Kd3 f5 36. g3 h5 37. Rxa7 Rxc6 38. Rh7 h4 39. gxh4 gxh4
40. Rxh4 Kf7 41. Ke3 Kg6 42. Kf3 Rc3+ 43. Kf4 Rc4+ 44. Kg3 Rc3+ 45. f3 Rc1 46.
Ra4 Kg5 47. h4+ Kh5 48. Ra8 Rc4 49. Rf8 Rc5 50. Kf4 Rc4+ 51. Kxf5 Kxh4 52. f4
Kg3 53. Kg5 Kf3 54. f5 Rg4+ 55. Kf6 Ra4 56. Rb8 Ra6+ 57. Kg7 Ra7+ 58. Kg6 Kf4
59. f6 Ra1 60. Kg7 Rg1+ 61. Kf8 Kf5 62. f7 Kf6 63. Rb6+ Ke5 64. Ke7 Rg7 65. Ke8
1-0

[Event "4. Wittelsbacher Weihnachts-Schach-Open"]
[Site "Kelheim"]
[Date "2015.12.27"]
[Round "1.50"]
[White "Schilay, Eva"]
[Black "Koellner, Ulrich"]
[Result "0-1"]
[WhiteElo "1429"]
[BlackElo "1865"]
[PlyCount "131"]
[EventDate "2015.??.??"]
[WhiteTeam "SK Neumarkt"]
[BlackTeam "SV Hofheim"]

1. Nc3 Nf6 2. e4 d6 3. d4 g6 4. Be3 Bg7 5. Bc4 O-O 6. Nge2 b6 7. O-O Bb7 8. e5
Ng4 9. exd6 cxd6 10. Bf4 Nc6 11. h3 Nf6 12. Qd2 Rc8 13. Bb3 Na5 14. Bh6 Qc7 15.
Bxg7 Kxg7 16. f3 Nc4 17. Bxc4 Qxc4 18. Rfe1 Rfe8 19. Rad1 Qb4 20. Rb1 Rc7 21.
Qd3 Rec8 22. a3 Qa5 23. Rbc1 Ba6 24. Qd1 Qg5 25. Kh1 Bb7 26. Qd3 a6 27. Rg1 Qh4
28. Kh2 g5 29. g3 Qh5 30. g4 Qh4 31. Ng3 e6 32. Kg2 h5 33. gxh5 Nxh5 34. Nxh5+
Qxh5 35. Ne4 Rh8 36. Rh1 Qg6 37. Nxd6 Qxd3 38. cxd3 Rd7 39. Nxb7 Rxb7 40. Rc6
Rd8 41. h4 Rxd4 42. h5 Rxd3 43. h6+ Kh7 44. Rc2 Rbd7 45. Kg3 Rd2 46. Rh2 Rxc2
47. Rxc2 Kxh6 48. Rc6 Rb7 49. f4 Kg6 50. Kg4 gxf4 51. Kxf4 Kf6 52. b4 Ke7 53.
a4 a5 54. b5 Rd7 55. Ke5 Rd5+ 56. Ke4 Rd6 57. Rc7+ Kf6 58. Rb7 e5 59. Kf3 Ke6
60. Rb8 f6 61. Ke4 f5+ 62. Ke3 Kd5 63. Re8 f4+ 64. Kf3 Re6 65. Rc8 Kd4 66. Rc7
0-1

[Event "4. Wittelsbacher Weihnachts-Schach-Open"]
[Site "Kelheim"]
[Date "2015.12.27"]
[Round "1.51"]
[White "Winkelmeier, Alfred"]
[Black "Mosler, Ernst"]
[Result "1-0"]
[WhiteElo "1691"]
[BlackElo "1641"]
[PlyCount "33"]
[EventDate "2015.??.??"]
[WhiteTeam "SV Ilmmünster"]
[BlackTeam "SV Wettstetten"]

1. e4 e5 2. Bc4 Nf6 3. d4 exd4 4. Nf3 Be7 5. e5 Ne4 6. Qxd4 Nc5 7. Be3 Ne6 8.
Qg4 h5 9. Qg3 g6 10. Nc3 Ng7 11. O-O-O O-O 12. Qxg6 d5 13. exd6 Bxd6 14. Bh6
Bf4+ 15. Bxf4 Kh8 16. Qh6+ Kg8 17. Rxd8 1-0

[Event "4. Wittelsbacher Weihnachts-Schach-Open"]
[Site "Kelheim"]
[Date "2015.12.27"]
[Round "1.52"]
[White "Lohr, Maximilian"]
[Black "Schulz, Siegfried"]
[Result "0-1"]
[WhiteElo "1383"]
[BlackElo "1831"]
[PlyCount "156"]
[EventDate "2015.??.??"]
[WhiteTeam "TSV Mainburg"]
[BlackTeam "TSV Kirchenlaibach"]

1. e4 c6 2. c4 e6 3. d4 d5 4. Nc3 dxe4 5. Nxe4 Be7 6. Nf3 Nf6 7. Nc3 O-O 8. Bd3
b6 9. Bg5 Bb7 10. O-O Nbd7 11. Qc2 h6 12. Be3 Bd6 13. Qd2 Ng4 14. Bf4 Qc7 15.
Bxd6 Qxd6 16. h3 Ngf6 17. Rfe1 Rad8 18. Rad1 Qb8 19. Bc2 Rfe8 20. a3 a6 21. b4
c5 22. d5 exd5 23. cxd5 cxb4 24. axb4 Qd6 25. b5 a5 26. Rxe8+ Rxe8 27. Bb3 Nc5
28. Bc4 Nfe4 29. Nxe4 Rxe4 30. Bd3 Re7 31. Bc4 Ne4 32. Qd3 Qf6 33. d6 Rd7 34.
Bd5 Bxd5 35. Qxd5 Nc3 36. Qc6 Rd8 37. Rd3 Ne2+ 38. Kf1 Nf4 39. Rd1 a4 40. d7
Qe7 41. Rd2 Qc5 42. Rc2 Qe7 43. Rd2 a3 44. Qxb6 Rxd7 45. Qb8+ Kh7 46. Qxf4 Rb7
47. Qf5+ g6 48. Qe5 Qxe5 49. Nxe5 Rxb5 50. Nc4 Rb1+ 51. Ke2 Ra1 52. Rd3 a2 53.
Ra3 Rc1 54. Rxa2 Rxc4 55. Kd3 Rb4 56. Rc2 g5 57. Rc4 Rb1 58. Ke4 Kg6 59. Rc6+
f6 60. Rc4 h5 61. Rd4 Re1+ 62. Kf3 Re6 63. Re4 Rb6 64. Rd4 f5 65. g4 Rb3+ 66.
Kg2 hxg4 67. hxg4 fxg4 68. Rxg4 Kf5 69. Rg3 Rb2 70. Rf3+ Kg6 71. Kg3 Rb4 72.
Re3 Rf4 73. Rf3 Rh4 74. Re3 Kh5 75. Re8 Rg4+ 76. Kf3 Rg1 77. Rh8+ Kg6 78. Rh3
g4+ 0-1

[Event "4. Wittelsbacher Weihnachts-Schach-Open"]
[Site "Kelheim"]
[Date "2015.12.27"]
[Round "1.53"]
[White "Stutz, Robert"]
[Black "Voigt, Tobias"]
[Result "1-0"]
[WhiteElo "1829"]
[BlackElo "1594"]
[PlyCount "57"]
[EventDate "2015.??.??"]
[WhiteTeam "TSV Grossmehring"]
[BlackTeam "SK München Südost"]

1. e4 e6 2. d4 d5 3. Nc3 Bb4 4. e5 c5 5. a3 Bxc3+ 6. bxc3 Qa5 7. Bd2 Qa4 8. Qb1
a6 9. Nf3 Nc6 10. Qb3 Qxb3 11. cxb3 Na5 12. Rb1 c4 13. b4 Nc6 14. Be2 b5 15.
O-O Bd7 16. Nh4 Nge7 17. g4 h6 18. f4 O-O-O 19. f5 Rhg8 20. f6 gxf6 21. Bxh6
Rde8 22. exf6 Nf5 23. Nxf5 exf5 24. g5 Re3 25. Bf3 Be6 26. Rbc1 Kd7 27. g6 Rd3
28. Bf4 Kd8 29. g7 1-0

[Event "4. Wittelsbacher Weihnachts-Schach-Open"]
[Site "Kelheim"]
[Date "2015.12.27"]
[Round "1.54"]
[White "Trefflich, Marcus"]
[Black "Obermeier, Johannes"]
[Result "1-0"]
[WhiteElo "1371"]
[BlackElo "1807"]
[PlyCount "93"]
[EventDate "2015.??.??"]
[WhiteTeam "SC Treuchtlingen"]
[BlackTeam "SK Kelheim"]

1. c4 e5 2. g3 Nf6 3. Bg2 d5 4. cxd5 Nxd5 5. a3 Be6 6. d3 Nc6 7. Nf3 Qd7 8. O-O
O-O-O 9. Re1 f6 10. Bd2 g5 11. Nc3 h5 12. Bxg5 fxg5 13. Nxg5 Nxc3 14. bxc3 h4
15. Nxe6 Qxe6 16. Qa4 hxg3 17. fxg3 Bc5+ 18. Kh1 Qh6 19. Qg4+ Kb8 20. h3 Rdg8
21. Qf3 Qg5 22. g4 Qxg4 23. Qxg4 Rxg4 24. Rab1 Rg3 25. Kh2 Rg6 26. a4 Rf8 27.
Rf1 Rgf6 28. Rxf6 Rxf6 29. Rf1 Rxf1 30. Bxf1 Be3 31. Kg3 Kc8 32. h4 Ne7 33.
Bh3+ Kd8 34. Be6 Ke8 35. h5 Kf8 36. Kf3 Bf4 37. e3 Bg5 38. d4 exd4 39. exd4 Kg7
40. Kg4 Kf6 41. d5 Bh6 42. c4 Ke5 43. a5 Kd4 44. Kf3 Kxc4 45. d6+ Nd5 46. Bxd5+
Kxd5 47. dxc7 1-0

[Event "4. Wittelsbacher Weihnachts-Schach-Open"]
[Site "Kelheim"]
[Date "2015.12.27"]
[Round "1.55"]
[White "Zinner, Bernhard"]
[Black "Butenandt, Svenja"]
[Result "1-0"]
[WhiteElo "1795"]
[BlackElo "1419"]
[PlyCount "79"]
[EventDate "2015.??.??"]
[WhiteTeam "TV Geiselhöring"]
[BlackTeam "TV Tegernsee"]

1. d4 d5 2. c4 e6 3. Nf3 Nf6 4. Nc3 Be7 5. Bf4 O-O 6. a3 c6 7. e3 Nbd7 8. cxd5
exd5 9. Bd3 Re8 10. Rc1 Nb6 11. Ne5 Bd6 12. Qc2 g6 13. h3 Nh5 14. Bh2 Ng7 15.
O-O Bf5 16. e4 dxe4 17. Nxe4 Bxe4 18. Bxe4 f6 19. Qb3+ Nd5 20. Bxd5+ cxd5 21.
Ng4 Bxh2+ 22. Kxh2 b6 23. Qxd5+ Qxd5 24. Nxf6+ Kf7 25. Nxd5 Rad8 26. Rc7+ Kf8
27. Nf6 Re7 28. Nxh7+ Ke8 29. Rxe7+ Kxe7 30. Re1+ Kf7 31. Ng5+ Kf6 32. Nf3 Ne6
33. Rd1 Kf5 34. d5 Nf4 35. Nd4+ Ke4 36. f3+ Ke3 37. d6 Kf2 38. Nc6 Rd7 39. Ne5
Rd8 40. d7 1-0

[Event "4. Wittelsbacher Weihnachts-Schach-Open"]
[Site "Kelheim"]
[Date "2015.12.27"]
[Round "1.56"]
[White "Adlhoch, Walter"]
[Black "Schmidt, Franz"]
[Result "0-1"]
[WhiteElo "1537"]
[BlackElo "1828"]
[PlyCount "102"]
[EventDate "2015.??.??"]
[WhiteTeam "SK Schwandorf"]
[BlackTeam "SK Abensberg"]

1. c4 e6 2. Nc3 d5 3. d4 Nf6 4. Bg5 Be7 5. Nf3 Nbd7 6. e3 O-O 7. cxd5 exd5 8.
Bd3 Re8 9. Qc2 c6 10. h3 h6 11. Bh4 Ne4 12. Bxe7 Qxe7 13. O-O-O Ndf6 14. g4
Nxg4 15. Bxe4 dxe4 16. Nh2 Nf6 17. Nf1 Nd5 18. Ng3 f5 19. Nh5 Qh4 20. Nxd5 cxd5
21. Nf4 Be6 22. Kb1 Rac8 23. Qe2 Bf7 24. Rhg1 Kh7 25. Rg3 g5 26. Rdg1 Rg8 27.
Ng2 Qh5 28. Qxh5 Bxh5 29. Ne1 Be2 30. f3 Bd3+ 31. Nxd3 exd3 32. Rd1 f4 33. exf4
gxf4 34. Rg4 Rxg4 35. hxg4 h5 36. Rh1 Re8 37. Rxh5+ Kg6 38. Re5 Rh8 39. Re1 Rh2
40. Rd1 d2 41. Kc2 Rf2 42. Rxd2 Rxf3 43. Rd3 Rxd3 44. Kxd3 Kg5 45. Ke2 Kxg4 46.
Kf2 f3 47. a3 b5 48. b3 a5 49. a4 b4 50. Kf1 Kf4 51. Kf2 Ke4 0-1

[Event "4. Wittelsbacher Weihnachts-Schach-Open"]
[Site "Kelheim"]
[Date "2015.12.27"]
[Round "1.57"]
[White "Brunner, Tobias"]
[Black "Meier, Jannik"]
[Result "1-0"]
[WhiteElo "1639"]
[BlackElo "1353"]
[PlyCount "65"]
[EventDate "2015.??.??"]
[WhiteTeam "TSV Nittenau"]
[BlackTeam "TV Tegernsee"]

1. e4 c5 2. Nf3 d6 3. Bc4 Nf6 4. d3 g6 5. Nc3 Bg7 6. O-O Nc6 7. h3 O-O 8. Nh2
Na5 9. Bb3 Nxb3 10. axb3 a6 11. f4 e6 12. Ng4 Nh5 13. Ne3 Bd4 14. Kh2 Nxf4 15.
Rxf4 Be5 16. Ng4 Bxf4+ 17. Bxf4 f5 18. exf5 exf5 19. Ne3 g5 20. Qf3 gxf4 21.
Qxf4 Qe7 22. Nc4 Be6 23. Re1 Rae8 24. Nxd6 Qc7 25. Qg3+ Kh8 26. Nxe8 Qxg3+ 27.
Kxg3 Rxe8 28. Re5 Bd7 29. Rxc5 Bc6 30. Kf2 Rg8 31. g3 Rf8 32. Ne2 Kg7 33. Nd4
1-0

[Event "4. Wittelsbacher Weihnachts-Schach-Open"]
[Site "Kelheim"]
[Date "2015.12.27"]
[Round "1.58"]
[White "Guckes, Simon"]
[Black "Dietl, Harald"]
[Result "0-1"]
[WhiteElo "1584"]
[BlackElo "1802"]
[PlyCount "98"]
[EventDate "2015.??.??"]
[WhiteTeam "SV Worms"]
[BlackTeam "SK Abensberg"]

1. e4 c5 2. c3 d5 3. Bb5+ Bd7 4. Bxd7+ Qxd7 5. exd5 Qxd5 6. Qf3 Qd7 7. Nh3 Nc6
8. O-O Nf6 9. Rd1 Ne5 10. Qe3 Nd3 11. Na3 e6 12. Nf4 Nxf4 13. Qxf4 Bd6 14. Qg5
Rg8 15. d4 O-O-O 16. Bf4 Ne4 17. Qh4 g5 18. Qxh7 Nxf2 19. Kxf2 gxf4 20. Kf1 Qc6
21. Qh3 Rh8 22. Qg4 Rdg8 23. Qe2 Rxh2 24. d5 exd5 25. Kg1 Rh6 26. Nb5 Qb6 27.
c4 Re6 28. Qd3 d4 29. Qf5 Kb8 30. Qxf7 Reg6 31. Rd2 a6 32. Nxd6 Qxd6 33. Re1
Ka7 34. Rf1 Qc6 35. Rff2 Rg4 36. Qf5 R8g5 37. Qd3 Rg3 38. Qe2 f3 39. Qf1 Qe4
40. Kh2 Qh4+ 41. Kg1 Rh5 42. Rxf3 Qh2+ 43. Kf2 Rxf3+ 44. Kxf3 Rf5+ 45. Ke2 Rxf1
46. Kxf1 Qf4+ 47. Ke2 Qe4+ 48. Kf1 Qb1+ 49. Ke2 Qxa2 0-1

[Event "4. Wittelsbacher Weihnachts-Schach-Open"]
[Site "Kelheim"]
[Date "2015.12.27"]
[Round "1.59"]
[White "Ulmer, Heinz"]
[Black "Weindl, Robert"]
[Result "1-0"]
[WhiteElo "1914"]
[BlackElo "1269"]
[PlyCount "23"]
[EventDate "2015.??.??"]
[BlackTeam "SK Landshut"]

1. d4 d5 2. c4 Nf6 3. Nc3 c6 4. cxd5 Nxd5 5. e4 Nb6 6. Be3 Bd7 7. Bd3 e6 8.
Nge2 Qc7 9. O-O Bd6 10. f4 c5 11. Nb5 Qc8 12. Nxd6+ 1-0

[Event "4. Wittelsbacher Weihnachts-Schach-Open"]
[Site "Kelheim"]
[Date "2015.12.27"]
[Round "1.60"]
[White "Ponomarev, Maximilian"]
[Black "Gets, Alexej"]
[Result "0-1"]
[WhiteElo "1253"]
[BlackElo "1785"]
[PlyCount "76"]
[EventDate "2015.??.??"]
[WhiteTeam "SC Tarrasch München"]
[BlackTeam "SC Noris-Tarrasch Nürnberg"]

1. e4 e6 2. d4 b6 3. Nc3 Bb4 4. Bd2 Bb7 5. Bd3 d6 6. Nf3 Nd7 7. O-O c5 8. a3
Bxc3 9. Bxc3 Ngf6 10. Re1 cxd4 11. Nxd4 Nc5 12. f3 O-O 13. Bf1 Rc8 14. Qd2 Na4
15. Ne2 Ba6 16. Rad1 d5 17. Bb4 Re8 18. b3 Nc5 19. exd5 Nxd5 20. Qc1 Qc7 21.
Bd2 Red8 22. Bf4 Nxf4 23. Qxf4 e5 24. Rxd8+ Rxd8 25. Qe3 Ne6 26. Qc3 Qxc3 27.
Nxc3 Bxf1 28. Kxf1 Rc8 29. Re3 f6 30. Ke2 Nd4+ 31. Kd3 Kf7 32. a4 Rd8 33. Re4
Nxb3+ 34. Kc4 Nd2+ 35. Kb5 Nxe4 36. Nxe4 f5 37. Nc3 Rd2 38. Ka6 Rxc2 0-1

[Event "4. Wittelsbacher Weihnachts-Schach-Open"]
[Site "Kelheim"]
[Date "2015.12.27"]
[Round "1.61"]
[White "Meyer, Nico"]
[Black "Erdösi, Anna"]
[Result "1-0"]
[WhiteElo "1537"]
[BlackElo "1184"]
[PlyCount "83"]
[EventDate "2015.??.??"]
[WhiteTeam "SC Bechhofen"]
[BlackTeam "TV Tegernsee"]

1. e4 c5 2. Nf3 d6 3. Bb5+ Bd7 4. Bxd7+ Qxd7 5. c3 Nc6 6. O-O Nf6 7. d3 g6 8.
Re1 e5 9. Nbd2 Bg7 10. Nc4 Qe7 11. Ng5 Qd7 12. f4 O-O 13. Nf3 b5 14. fxe5 bxc4
15. exf6 Bxf6 16. dxc4 Rfe8 17. Qd3 Re6 18. Be3 Qe7 19. Qd5 Rc8 20. Bf4 Ne5 21.
Rad1 Re8 22. Be3 Ng4 23. Bf4 Ne5 24. Re2 g5 25. Bg3 h5 26. Red2 h4 27. Bf2 g4
28. Ne1 Kh8 29. Nd3 Rg8 30. Nf4 g3 31. hxg3 hxg3 32. Be1 Bg5 33. Nxe6 Bxd2 34.
Qxd2 Qxe6 35. Qxd6 Nxc4 36. Qxe6 fxe6 37. b3 Nb2 38. Rd2 c4 39. Rxb2 cxb3 40.
axb3 Kg7 41. Bxg3 Kh6 42. Bf4+ 1-0

[Event "4. Wittelsbacher Weihnachts-Schach-Open"]
[Site "Kelheim"]
[Date "2015.12.27"]
[Round "1.62"]
[White "Gehrke, Jakob"]
[Black "Mühlich, Cornelius"]
[Result "0-1"]
[WhiteElo "1294"]
[BlackElo "1771"]
[PlyCount "116"]
[EventDate "2015.??.??"]
[WhiteTeam "TV Tegernsee"]
[BlackTeam "SK Kelheim"]

1. e4 c6 2. d4 d5 3. e5 Bf5 4. Nf3 e6 5. Be3 Nd7 6. Bd3 Bxd3 7. Qxd3 Qb6 8. b3
c5 9. Nbd2 cxd4 10. Bxd4 Bc5 11. c3 Ne7 12. b4 Bxd4 13. Qxd4 Nc6 14. Qf4 Qc7
15. O-O Ncxe5 16. Nxe5 Qxe5 17. Qxe5 Nxe5 18. Rfe1 Nd7 19. f4 Rc8 20. Rac1 b5
21. f5 e5 22. Nf3 f6 23. Red1 Nb6 24. Re1 Kf7 25. g4 Rc4 26. h3 Rhc8 27. Re3
Na4 28. Nd2 Rxb4 29. a3 Rb2 30. Nb1 d4 31. Rd3 Nxc3 32. Nxc3 Rb3 33. Ne2 Rxd3
34. Rxc8 Rxa3 35. Rc7+ Kf8 36. Kg2 Ra2 37. Kf3 Ra3+ 38. Kg2 b4 39. Rc8+ Ke7 40.
Rc7+ Kd6 41. Rxg7 d3 42. Rg8 dxe2 43. Kf2 Re3 44. Ke1 b3 45. Rd8+ Kc5 46. Rd2
a5 47. Rb2 a4 48. Rb1 a3 49. Kd2 e1=Q+ 50. Rxe1 Rxe1 51. Kxe1 a2 52. Kf2 a1=Q
53. Kg3 Qe1+ 54. Kf3 Kd4 55. g5 Kd3 56. Kg4 Qg1+ 57. Kf3 fxg5 58. f6 e4# 0-1

[Event "4. Wittelsbacher Weihnachts-Schach-Open"]
[Site "Kelheim"]
[Date "2015.12.27"]
[Round "1.63"]
[White "Löchel, Günter"]
[Black "Boos-Guckes, Astrid"]
[Result "1-0"]
[WhiteElo "1617"]
[BlackElo "1483"]
[PlyCount "37"]
[EventDate "2015.??.??"]
[WhiteTeam "SC Kreut"]
[BlackTeam "SV Worms"]

1. e4 d5 2. exd5 Qxd5 3. Nc3 Qa5 4. Nf3 c6 5. d4 Bg4 6. Be2 Nf6 7. Bd2 Nbd7 8.
O-O O-O-O 9. a3 e6 10. b4 Qc7 11. b5 c5 12. Na4 cxd4 13. c4 dxc3 14. Nxc3 Nc5
15. Qc2 Nce4 16. Rad1 Nd5 17. Qxe4 Nxc3 18. Bxc3 Qxc3 19. Rc1 1-0

[Event "4. Wittelsbacher Weihnachts-Schach-Open"]
[Site "Kelheim"]
[Date "2015.12.27"]
[Round "2.1"]
[White "Boos, Patrick"]
[Black "Belezky, Alexander"]
[Result "0-1"]
[WhiteElo "2046"]
[BlackElo "2463"]
[PlyCount "44"]
[EventDate "2015.??.??"]
[WhiteTeam "SV Worms"]
[BlackTeam "FC Bayern München"]

1. e4 d6 2. d4 g6 3. Nc3 c6 4. Be3 Nf6 5. Be2 Qa5 6. f3 b5 7. Qd2 Bg7 8. g4 h5
9. g5 Nfd7 10. a3 O-O 11. h4 Bb7 12. Nh3 a6 13. Rf1 c5 14. O-O-O b4 15. Nb1 Nc6
16. d5 bxa3 17. Nxa3 Nb4 18. Kb1 Bxd5 19. exd5 Bxb2 20. Kxb2 Rfb8 21. c3 Nd3+
22. Kc2 Qa4+ 0-1

[Event "4. Wittelsbacher Weihnachts-Schach-Open"]
[Site "Kelheim"]
[Date "2015.12.27"]
[Round "2.2"]
[White "Hacker, Jonas"]
[Black "Nies, Peter"]
[Result "1-0"]
[WhiteElo "2357"]
[BlackElo "2020"]
[PlyCount "105"]
[EventDate "2015.??.??"]
[WhiteTeam "SC Eppingen"]
[BlackTeam "SK Gernsheim"]

1. e4 e6 2. d4 d5 3. Nc3 Nf6 4. e5 Nfd7 5. f4 c5 6. Nf3 b6 7. Be3 Be7 8. Ne2
Ba6 9. c3 f6 10. exf6 Nxf6 11. g3 Ng4 12. Qd2 Nd7 13. Bh3 Ndf6 14. Bg1 Qd6 15.
Nc1 O-O 16. Nd3 Ne4 17. Qc2 Bxd3 18. Qxd3 c4 19. Qe2 Ngf6 20. Nd2 b5 21. Nxe4
Nxe4 22. Bg2 Nf6 23. Be3 Rfe8 24. b3 Rac8 25. b4 a5 26. a3 Ra8 27. O-O Ra6 28.
Bd2 Bf8 29. g4 g6 30. Bf3 Re7 31. Qe3 Qd7 32. h3 Qa7 33. Rae1 axb4 34. axb4 Ra2
35. Re2 Ne8 36. Be1 Rxe2 37. Qxe2 Ng7 38. Bh4 Rf7 39. Bg5 Qa3 40. Qd2 Ra7 41.
Bh6 Qa6 42. Kh1 Nh5 43. gxh5 Bxh6 44. hxg6 hxg6 45. Qg2 Rg7 46. Qg4 Kh7 47. Qg2
Qd6 48. Bd1 Bxf4 49. Bc2 e5 50. Qg4 Bh6 51. Qg3 Bf4 52. Qg4 Bh6 53. Qf3 1-0

[Event "4. Wittelsbacher Weihnachts-Schach-Open"]
[Site "Kelheim"]
[Date "2015.12.27"]
[Round "2.3"]
[White "Seitner, Ralf"]
[Black "Kreuzer, Martin"]
[Result "1/2-1/2"]
[WhiteElo "2057"]
[BlackElo "2334"]
[PlyCount "42"]
[EventDate "2015.??.??"]
[WhiteTeam "SK Ingolstadt"]
[BlackTeam "SK Kelheim"]

1. d4 d5 2. Nf3 c6 3. Bf4 Nf6 4. e3 Bg4 5. c4 e6 6. Qb3 Qc8 7. Nc3 Nbd7 8. Ne5
Nxe5 9. Bxe5 Nd7 10. Bg3 Be7 11. Bd3 dxc4 12. Bxc4 O-O 13. O-O Nb6 14. Bd3 Bh5
15. Rac1 Nd5 16. a3 Nxc3 17. Rxc3 Qd7 18. Rfc1 Bg6 19. Qc2 Bxd3 20. Qxd3 a5 21.
Qc2 g6 1/2-1/2

[Event "4. Wittelsbacher Weihnachts-Schach-Open"]
[Site "Kelheim"]
[Date "2015.12.27"]
[Round "2.4"]
[White "Promyshlyanskyy, Vitaliy"]
[Black "Taube, Hubertus"]
[Result "1-0"]
[WhiteElo "2244"]
[BlackElo "2041"]
[PlyCount "71"]
[EventDate "2015.??.??"]
[WhiteTeam "SC Noris-Tarrasch Nürnberg"]
[BlackTeam "SK Neuperlach"]

1. e4 c6 2. d4 d5 3. e5 Bf5 4. Be3 e6 5. Nd2 b5 6. a4 b4 7. a5 Nd7 8. Nb3 Qc7
9. f4 h5 10. Nf3 Be7 11. Be2 Nh6 12. O-O h4 13. Ne1 c5 14. dxc5 Nxc5 15. Nd4
O-O 16. Kh1 Rfc8 17. Nd3 Rab8 18. Nf2 g6 19. Ng4 Nxg4 20. Bxg4 Be4 21. Rf2 Kg7
22. Rd2 Rh8 23. Kg1 Bf5 24. Bf3 Ne4 25. Nxf5+ gxf5 26. Bxe4 fxe4 27. Qg4+ Kf8
28. Qe2 f5 29. exf6 Bxf6 30. f5 Be5 31. fxe6 Bxh2+ 32. Kh1 h3 33. g4 Be5 34.
Rxd5 Bxb2 35. Rd7 Qc6 36. Qf2+ 1-0

[Event "4. Wittelsbacher Weihnachts-Schach-Open"]
[Site "Kelheim"]
[Date "2015.12.27"]
[Round "2.5"]
[White "Kues, Manuel"]
[Black "Gießmann, Stephan"]
[Result "0-1"]
[WhiteElo "1986"]
[BlackElo "2259"]
[PlyCount "100"]
[EventDate "2015.??.??"]
[WhiteTeam "TSV Kareth-Lappersdorf"]
[BlackTeam "SK Kelheim"]

1. e4 e6 2. b3 b6 3. Bb2 Bb7 4. Nc3 d6 5. f4 Nf6 6. Qe2 c5 7. Nf3 Nc6 8. g3 Nd4
9. Qd3 e5 10. fxe5 dxe5 11. Bg2 Bd6 12. O-O a6 13. Nxd4 exd4 14. e5 Bxg2 15.
Kxg2 Bxe5 16. Rae1 Nd7 17. Qf5 O-O 18. Nd5 g6 19. Qf3 f5 20. Nxb6 Qxb6 21. Qd5+
Kh8 22. Qxd7 Rad8 23. Qe7 Qc6+ 24. Kg1 Rde8 25. Qh4 Re6 26. c3 dxc3 27. dxc3
Bf6 28. Qh6 Rfe8 29. Qd2 c4 30. Rxe6 Qxe6 31. b4 Rd8 32. Qc1 Rd3 33. a4 Qb6+
34. Kg2 Qc6+ 35. Kg1 Qxa4 36. Re1 Qd7 37. Qh6 Qd8 38. Qf4 Rd1 39. Qf2 Rd3 40.
Re3 Rd1+ 41. Kg2 Bg5 42. Re2 Rd2 43. Kh3 Qd7 44. Qf3 f4+ 45. Kg2 Rd3 46. Qa8+
Kg7 47. Kf1 f3 48. Re8 Rd1+ 49. Kf2 Rd2+ 50. Kg1 Rg2+ 0-1

[Event "4. Wittelsbacher Weihnachts-Schach-Open"]
[Site "Kelheim"]
[Date "2015.12.27"]
[Round "2.6"]
[White "Seidenschwarz, Holger"]
[Black "Amtmann, Florian"]
[Result "0-1"]
[WhiteElo "2017"]
[BlackElo "2139"]
[PlyCount "62"]
[EventDate "2015.??.??"]
[WhiteTeam "SK Kelheim"]
[BlackTeam "Spvgg Stetten"]

1. e4 c5 2. c3 g6 3. d4 cxd4 4. cxd4 d5 5. exd5 Nf6 6. Nc3 Nxd5 7. Qb3 Nb6 8.
d5 Bg7 9. Be3 O-O 10. Bxb6 axb6 11. g3 Nd7 12. Bg2 Nc5 13. Qc4 Bf5 14. Rd1 Nd3+
15. Rxd3 Rc8 16. Rd4 Rxc4 17. Rxc4 Re8 18. Nge2 e6 19. dxe6 Bxe6 20. Re4 Bxc3+
21. Nxc3 Bf5 22. Rxe8+ Qxe8+ 23. Ne2 Qb5 24. f4 Qxb2 25. Kf2 Qxa2 26. Bxb7 b5
27. Bf3 b4 28. Rd1 b3 29. Bd5 Qa7+ 30. Kg2 b2 31. Nc3 Qc5 0-1

[Event "4. Wittelsbacher Weihnachts-Schach-Open"]
[Site "Kelheim"]
[Date "2015.12.27"]
[Round "2.7"]
[White "Blodig, Constantin"]
[Black "Kranzl, Julian"]
[Result "1/2-1/2"]
[WhiteElo "2037"]
[BlackElo "1929"]
[PlyCount "45"]
[EventDate "2015.??.??"]
[WhiteTeam "SK Kelheim"]
[BlackTeam "Hohenems"]

1. e4 c5 2. Nc3 g6 3. g3 Bg7 4. Bg2 Nc6 5. d3 d6 6. f4 Nf6 7. Nge2 Bg4 8. O-O
O-O 9. h3 Bxe2 10. Nxe2 Ne8 11. c3 e5 12. Be3 b6 13. Qd2 Nc7 14. f5 Rb8 15. Bh6
f6 16. fxg6 hxg6 17. Bxg7 Kxg7 18. d4 cxd4 19. cxd4 Nb5 20. d5 Ncd4 21. Rac1
Rc8 22. Nxd4 Nxd4 23. Rc3 1/2-1/2

[Event "4. Wittelsbacher Weihnachts-Schach-Open"]
[Site "Kelheim"]
[Date "2015.12.27"]
[Round "2.8"]
[White "Bartonicek, Zdenek"]
[Black "Kreuzer, Helmut"]
[Result "0-1"]
[WhiteElo "1905"]
[BlackElo "2121"]
[PlyCount "162"]
[EventDate "2015.??.??"]
[WhiteTeam "TSV Kirchenlaibach"]
[BlackTeam "SK Kelheim"]

1. e4 d5 2. exd5 Qxd5 3. Nc3 Qd6 4. d4 Nf6 5. Nge2 c6 6. Bf4 Qb4 7. Bd2 Qxb2 8.
Rb1 Qa3 9. Rb3 Qd6 10. Bf4 Qd8 11. Ng3 e6 12. Be2 Be7 13. O-O O-O 14. Re1 Nbd7
15. Bf3 Nb6 16. Nge4 Nbd5 17. Bd2 Qc7 18. Ne2 Nxe4 19. Bxe4 Nf6 20. Bf3 b6 21.
c4 Ba6 22. Qc2 Rad8 23. Bg5 c5 24. Bxf6 Bxf6 25. d5 exd5 26. Bxd5 Rfe8 27. Re3
Rxe3 28. fxe3 Bb7 29. e4 Be5 30. g3 Kh8 31. Rf1 f6 32. Kg2 b5 33. Rd1 Bxd5 34.
Rxd5 bxc4 35. Qxc4 Rc8 36. Ng1 Bd6 37. Nf3 Qf7 38. Nd2 Bf8 39. Qd3 Re8 40. Nb3
Rc8 41. Nd2 Qe6 42. Nc4 Re8 43. Nd2 h6 44. Rd8 Rxd8 45. Qxd8 Qd6 46. Qxd6 Bxd6
47. Nc4 Bc7 48. a4 Kg8 49. Kf3 Kf7 50. h3 Ke6 51. g4 g6 52. Ke3 f5 53. gxf5+
gxf5 54. Kf3 Kf6 55. Ke3 Be5 56. Kf3 Bd4 57. Kf4 fxe4 58. Kxe4 Kg5 59. Kf3 Kf5
60. Nd6+ Kg5 61. Nc4 a6 62. Kg3 Kf5 63. Kf3 h5 64. Nd2 Ke5 65. Ne4 c4 66. Ng3
h4 67. Ne2 Kd5 68. Nf4+ Kd6 69. Ke4 Bf2 70. Ne2 Kc5 71. Kf3 Be1 72. Ke4 Kb4 73.
Nd4 Bf2 74. Ne2 Kxa4 75. Kf3 Be1 76. Nd4 Bc3 77. Ne2 Bf6 78. Ke3 Kb3 79. Kd2
Kb2 80. Ke3 a5 81. Nf4 Bg5 0-1

[Event "4. Wittelsbacher Weihnachts-Schach-Open"]
[Site "Kelheim"]
[Date "2015.12.27"]
[Round "2.9"]
[White "Braun, Michael"]
[Black "Vilsmeier, Christian"]
[Result "1/2-1/2"]
[WhiteElo "2041"]
[BlackElo "1994"]
[PlyCount "87"]
[EventDate "2015.??.??"]
[WhiteTeam "SG Büchenbach/Roth"]
[BlackTeam "DJK-Regensburg Nord"]

1. d4 Nf6 2. Nf3 g6 3. c4 Bg7 4. g3 O-O 5. Bg2 c5 6. O-O d6 7. Nc3 Nc6 8. dxc5
dxc5 9. Be3 Be6 10. Bxc5 Qa5 11. Ba3 Bxc4 12. Nd2 Ba6 13. Nb3 Qe5 14. Nc5 Rfd8
15. Qa4 Rd4 16. Qc2 Rc8 17. Nxa6 bxa6 18. e3 Rc4 19. Rfd1 Nb4 20. Qe2 Qb8 21.
Rd2 h5 22. Rad1 a5 23. Qxc4 Rxc4 24. Rd8+ Qxd8 25. Rxd8+ Kh7 26. Bf1 Rc7 27.
Nb5 Rc2 28. Nxa7 Ng4 29. Rc8 Rd2 30. Rc5 Bxb2 31. Bxb2 Rxb2 32. Rxa5 Rxa2 33.
Rxa2 Nxa2 34. Bc4 Nb4 35. Bxf7 Nd3 36. Nc6 Kg7 37. Bc4 Ndxf2 38. Be2 Kf6 39.
Kg2 Ne4 40. Bxg4 hxg4 41. h3 gxh3+ 42. Kxh3 e5 43. Kg4 Nd6 44. Kf3 1/2-1/2

[Event "4. Wittelsbacher Weihnachts-Schach-Open"]
[Site "Kelheim"]
[Date "2015.12.27"]
[Round "2.10"]
[White "Blodig, Reinhard"]
[Black "Schmitz, Björn"]
[Result "1/2-1/2"]
[WhiteElo "2155"]
[BlackElo "2052"]
[PlyCount "33"]
[EventDate "2015.??.??"]
[WhiteTeam "TV Riedenburg"]
[BlackTeam "SV Saal/Donau"]

1. g3 Nf6 2. Bg2 g6 3. e4 d6 4. Nc3 Bg7 5. d4 O-O 6. Nge2 Nbd7 7. O-O c6 8. h3
e5 9. a4 Re8 10. d5 Qc7 11. g4 a5 12. Ng3 Nc5 13. Re1 h6 14. Be3 Bd7 15. Bf1
Kh7 16. Bc4 Rf8 17. Kg2 1/2-1/2